• 首页
  • 本馆介绍
  • 公告通知
  • 最新文献
  • 馆藏检索
  • 电子资源
  • 读者导购
  • 参考咨询
  • 我的图书馆
  • 登录
  • 详细信息显示
  • 放入我的书架
  • 预约/预借图书
  • 作者相关作品
  • 分类相关作品
  • 丛书相关作品
  • 出版社相关作品

书目信息

  • 表格格式
  • 工作单格式
  • 卡片格式
题名:
敏捷数据
    
 
作者: Scott W.Ambler 著
分册:  
出版信息: 北京   机械工业出版社  2008.01
页数: 292页
开本: 26cm
丛书名:
单 册:
中图分类: TP311.13
科图分类:
主题词: 软件
电子资源:
ISBN: 7-111-17576-X
000 00554nam0 2200193 450
001 0931981971
005 20091217085447.47
010    @a7-111-17576-X@dCNY39.00
100    @a20091217d2008 km y0chiy0120 ea
101 0  @achi
102    @aCN@b110000
200 1  @a敏捷数据@Amin jie shu ju@f(加)Scott W.Ambler著@F(jia)Scott W.Ambler zhu
210    @a北京@c机械工业出版社@d2008.01
215    @a292页@d26cm
606 0  @a软件
690    @aTP311.13@v4
701  0 @aScott W.Ambler@4著
801  0 @aCN@b山东省滨州职业学院图书馆@c20091217
905    @aBZT@dTP311.13@e10
    
    敏捷数据/(加)Scott W.Ambler著.-北京:机械工业出版社,2008.01
    292页;26cm
    
    
    ISBN 7-111-17576-X:CNY39.00
    
●
相关链接 在五车中查询图书 在当当中查询图书 在豆瓣中查询图书


正题名:敏捷数据     索取号:TP311.13/10         预约/预借

序号 登录号 条形码 馆藏地/架位号 状态 备注
1 727972   2000727972   样本书库/样008架A面4层1列/ [索取号:TP311.13/10] 在馆    
2 727973   2000727973   中心书库中库/ 中库028架A面2列1层24/ [索取号:TP311.13/10] 在馆    
3 727974   2000727974   中心书库中库/ 中库028架A面2列1层25/ [索取号:TP311.13/10] 在馆    
4 727975   2000727975   中心书库中库/ 中库028架A面2列1层26/ [索取号:TP311.13/10] 在馆    
5 727976   2000727976   中心书库中库/ 中库028架A面2列1层27/ [索取号:TP311.13/10] 在馆    
6 727977   2000727977   中心书库中库/ 中库028架A面2列1层23/ [索取号:TP311.13/10] 在馆    
山东省滨州职业学院图书馆 欢迎您!
大连网信软件有限公司© 版权所有